[Event "Politiken Cup 2011"]
[Site "Helsingor"]
[Date "2011.08.04"]
[Round "7.64"]
[White "Hjornevik, Knut J"]
[Black "Rorvik, Jon F"]
[Result "0-1"]
[WhiteElo "1959"]
[BlackElo "2172"]
[PlyCount "80"]
[EventDate "2011.??.??"]
[WhiteTeam "Sandness"]
[BlackTeam "Tempo Sjakk"]

1. d4 d5 2. e4 dxe4 3. Nc3 e6 4. Nxe4 Nd7 5. Nf3 Be7 6. Bd3 Ngf6 7. O-O O-O 8.
Qe2 Nxe4 9. Qxe4 Nf6 10. Qh4 g6 11. Bg5 Re8 12. Ne5 Nh5 13. Bxe7 Qxe7 14. Qxe7
Rxe7 15. g3 Bd7 16. Be4 c6 17. c3 Rd8 18. Rad1 Nf6 19. Bg2 Ne8 20. Rfe1 Nc7 21.
f4 Be8 22. Kf2 Kg7 23. Bf3 f6 24. Nd3 Bf7 25. h4 h5 26. Rd2 Be8 27. Rde2 Kf7
28. f5 gxf5 29. Bxh5+ Kf8 30. Bxe8 Rdxe8 31. Nc5 b6 32. Nb7 Rd7 33. Kf3 Rb8 34.
Nc5 bxc5 35. dxc5 e5 36. c4 Ne6 37. Rf2 f4 38. Ke4 Kf7 39. gxf4 Nxf4 40. Rh1
Ke6 0-1

[Event "Politiken Cup 2011"]
[Site "Helsingor"]
[Date "2011.08.04"]
[Round "7.54"]
[White "Skovgaard, Tom"]
[Black "Schou-Moldt, Thomas"]
[Result "1-0"]
[WhiteElo "2013"]
[BlackElo "2167"]
[PlyCount "88"]
[EventDate "2011.??.??"]
[WhiteTeam "BMS"]
[BlackTeam "Allerød"]

1. e4 d6 2. d4 Nf6 3. Nc3 g6 4. h3 c6 5. a4 a5 6. Nf3 Bg7 7. Be3 Qc7 8. Qd2 Bd7
9. Bh6 O-O 10. Bxg7 Kxg7 11. Bc4 b5 12. Bd3 b4 13. Ne2 e5 14. dxe5 dxe5 15. Qe3
c5 16. Nd2 Be6 17. Bc4 Qc6 18. O-O Bxc4 19. Nxc4 Qxe4 20. Qxe4 Nxe4 21. Nxe5
Re8 22. Nc4 Nd2 23. Nxd2 Rxe2 24. Rad1 Nc6 25. Rfe1 Rxe1+ 26. Rxe1 Rd8 27. Nc4
Nd4 28. Nxa5 Nxc2 29. Rc1 Nd4 30. Rxc5 Ne2+ 31. Kh2 Nf4 32. Nc6 Ra8 33. a5 Nd3
34. Rb5 Rc8 35. Nxb4 Nxb2 36. a6 Ra8 37. Rb7 Na4 38. a7 Nc5 39. Rb5 Ne6 40. Ra5
Nc7 41. Nc2 Rd8 42. Ne3 Na8 43. Rd5 Rc8 44. Rd7 Nc7 1-0

[Event "Politiken Cup 2011"]
[Site "Helsingor"]
[Date "2011.08.04"]
[Round "7.55"]
[White "Haubro, Sigfred"]
[Black "Jensen, Ib"]
[Result "1/2-1/2"]
[WhiteElo "2164"]
[BlackElo "1985"]
[PlyCount "48"]
[EventDate "2011.??.??"]
[WhiteTeam "BMS"]
[BlackTeam "Helsingør"]

1. Nf3 d5 2. e3 Bg4 3. Be2 Nf6 4. b3 e6 5. Bb2 Nbd7 6. c4 c6 7. O-O Bd6 8. d4
Rc8 9. Nbd2 O-O 10. Ne5 Bxe2 11. Qxe2 Bb8 12. f4 Ne4 13. Nxe4 dxe4 14. Ba3 Re8
15. Qh5 g6 16. Qh3 f5 17. Nxd7 Qxd7 18. Rad1 Qf7 19. Qg3 Rcd8 20. Qe1 Bd6 21.
Bb2 Bf8 22. a4 Bg7 23. Rf2 Rd7 24. Rfd2 Red8 1/2-1/2

[Event "Politiken Cup 2011"]
[Site "Helsingor"]
[Date "2011.08.04"]
[Round "7.65"]
[White "Schmitt, Carsten"]
[Black "Leutwyler, Martin"]
[Result "0-1"]
[WhiteElo "1959"]
[BlackElo "2163"]
[PlyCount "70"]
[EventDate "2011.??.??"]
[WhiteTeam "SV Bergwinkel"]
[BlackTeam "St.Gallen"]

1. c4 f5 2. g3 Nf6 3. Bg2 g6 4. Nc3 Bg7 5. e3 d6 6. Nge2 e5 7. O-O O-O 8. d3 a5
9. f4 c6 10. b3 Na6 11. Qd2 Re8 12. h3 Nc5 13. Ba3 Qb6 14. Kh2 Bf8 15. Bb2 Bd7
16. d4 exd4 17. Qxd4 Bg7 18. Qxd6 Rad8 19. Qd2 a4 20. bxa4 Be6 21. Qc2 Nd3 22.
Nd1 Nxb2 23. Nxb2 Qxe3 24. Rad1 Rxd1 25. Rxd1 Ne4 26. Rd3 Qc5 27. Rb3 Re7 28.
Bxe4 fxe4 29. Qxe4 Bd5 30. Nd3 Rxe4 31. Nxc5 Rxe2+ 32. Kg1 Bd4+ 33. Kf1 Bxc4
34. Nd3 Rd2 35. Ke1 Rxd3 0-1

[Event "Politiken Cup 2011"]
[Site "Helsingor"]
[Date "2011.08.04"]
[Round "7.56"]
[White "Sorensen, Dick"]
[Black "Johansson, Linus"]
[Result "0-1"]
[WhiteElo "1993"]
[BlackElo "2159"]
[PlyCount "60"]
[EventDate "2011.??.??"]
[WhiteTeam "Taastrup"]
[BlackTeam "Limhamn"]

1. d4 Nf6 2. Nf3 e6 3. g3 b5 4. Bg2 Bb7 5. O-O Be7 6. b3 O-O 7. Bb2 d6 8. Nbd2
Nbd7 9. c4 a6 10. a4 bxa4 11. bxa4 c5 12. e3 Qc7 13. a5 Rab8 14. Qc2 Rfc8 15.
Rfb1 h6 16. Qd3 d5 17. cxd5 c4 18. Qc2 c3 19. Bxc3 Nxd5 20. Ne4 Nxc3 21. Nxc3
Qxc3 22. Qxc3 Rxc3 23. Ne5 Bxg2 24. Rxb8+ Nxb8 25. Kxg2 Bd6 26. Rb1 Bxe5 27.
dxe5 Nc6 28. Rb6 Nxe5 29. Rxa6 Nc4 30. Ra8+ Kh7 0-1

[Event "Politiken Cup 2011"]
[Site "Helsingor"]
[Date "2011.08.04"]
[Round "7.57"]
[White "Petersen, Peter Birk"]
[Black "Frisvold, Ole Emil"]
[Result "1-0"]
[WhiteElo "2156"]
[BlackElo "1983"]
[PlyCount "53"]
[EventDate "2011.??.??"]
[WhiteTeam "Taastrup"]
[BlackTeam "Frisvold"]

1. e4 c5 2. Nf3 g6 3. d4 cxd4 4. Nxd4 Bg7 5. Nc3 Nc6 6. Be3 Nf6 7. Bc4 O-O 8.
Bb3 Ng4 9. Qxg4 Nxd4 10. Qd1 Nxb3 11. axb3 Qc7 12. Nd5 Qe5 13. O-O b5 14. Bf4
Qxb2 15. Nxe7+ Kh8 16. Qd5 Qf6 17. Bg5 Qe5 18. Qxa8 Qxg5 19. Nxc8 Bxa1 20. Rxa1
Qc5 21. Qxa7 Rxc8 22. Qxd7 Qxc2 23. h3 Rc7 24. Qxb5 Qxe4 25. Qb8+ Kg7 26. Qxc7
Qd4 27. Rc1 1-0

[Event "Politiken Cup 2011"]
[Site "Helsingor"]
[Date "2011.08.04"]
[Round "7.114"]
[White "Poulsen, Klaus E"]
[Black "Asmund, Erik"]
[Result "1-0"]
[WhiteElo "2148"]
[BlackElo "1739"]
[PlyCount "43"]
[EventDate "2011.??.??"]
[WhiteTeam "Odysseus"]
[BlackTeam "Gråsten"]

1. e4 e6 2. d4 d5 3. Nc3 c5 4. exd5 cxd4 5. Qxd4 Nf6 6. Bg5 Be7 7. O-O-O O-O 8.
d6 Nc6 9. Qd2 Nd5 10. dxe7 Ndxe7 11. Qxd8 Rxd8 12. Rxd8+ Nxd8 13. Bxe7 Nc6 14.
Bd6 b6 15. Nf3 Bb7 16. Bb5 a6 17. Bd3 Rd8 18. Bc7 Rc8 19. Bxb6 Nb4 20. Rd1 Bxf3
21. gxf3 g6 22. a3 1-0

[Event "Politiken Cup 2011"]
[Site "Helsingor"]
[Date "2011.08.04"]
[Round "7.58"]
[White "Rauramaa, Julius"]
[Black "Berni, Fabrizio"]
[Result "1-0"]
[WhiteElo "1904"]
[BlackElo "2147"]
[PlyCount "129"]
[EventDate "2011.??.??"]
[WhiteTeam "Matinkylan Shakkikenho"]
[BlackTeam "Mariano Comense"]

1. e4 c5 2. d4 cxd4 3. c3 d5 4. exd5 Qxd5 5. cxd4 Nc6 6. Nf3 Bg4 7. Nc3 Bxf3 8.
Nxd5 Bxd1 9. Nc7+ Kd7 10. Nxa8 Bh5 11. d5 Nb4 12. Bb5+ Kd8 13. Be3 Nc2+ 14. Kd2
Nxe3 15. fxe3 Nf6 16. Rac1 e6 17. Rc7 Ne4+ 18. Kc1 Nd6 19. Ba4 e5 20. Kb1 Bg4
21. Rcc1 Be7 22. Ka1 h5 23. Rc2 Bg5 24. Re1 Bf5 25. Rcc1 Ke7 26. Nc7 Rc8 27.
Nb5 Rxc1+ 28. Rxc1 Nxb5 29. Bxb5 Kd6 30. Rc3 Be4 31. g3 Bxd5 32. Kb1 f5 33. h4
Bf6 34. Be8 Bf3 35. Bf7 g5 36. hxg5 Bxg5 37. Kc2 Bc6 38. Bxh5 Bf6 39. Rd3+ Kc5
40. Rd1 Bg5 41. Kd2 f4 42. gxf4 exf4 43. exf4 Bxf4+ 44. Kd3 a5 45. Bf7 Kb6 46.
Kd4 Bh6 47. Rg1 Kc7 48. Bd5 Bb5 49. Rg6 Bc1 50. Rg2 Bh6 51. b3 b6 52. Ke5 Bf8
53. Rg6 Bc5 54. Rg7+ Kd8 55. Ke6 a4 56. bxa4 Bxa4 57. Ra7 Bd1 58. Be4 Bg4+ 59.
Bf5 Bxf5+ 60. Kxf5 Bb4 61. Ke5 Kc8 62. Kd5 Kb8 63. Rh7 Ba5 64. Kc6 Ka8 65. Rb7
1-0

[Event "Politiken Cup 2011"]
[Site "Helsingor"]
[Date "2011.08.04"]
[Round "7.66"]
[White "Pedersen, Henrik B"]
[Black "Johansen, Stian"]
[Result "0-1"]
[WhiteElo "2146"]
[BlackElo "1961"]
[PlyCount "103"]
[EventDate "2011.??.??"]
[WhiteTeam "Herlev"]
[BlackTeam "Moss"]

1. e4 g6 2. Nc3 Bg7 3. f4 d6 4. Nf3 e5 5. Bc4 Nc6 6. O-O Be6 7. Bb5 a6 8. Bxc6+
bxc6 9. fxe5 dxe5 10. d3 h6 11. Qe1 Nf6 12. Be3 Nh5 13. Bc5 g5 14. g3 Bf6 15.
Nd2 Rg8 16. Nc4 Rg6 17. Nd1 Bh3 18. Rf2 Qd7 19. Qc3 Qe6 20. Nde3 Nf4 21. Qb3
Qd7 22. Qb7 Rd8 23. Nf5 Bxf5 24. exf5 Nh3+ 25. Kf1 Rg8 26. Ne3 Nxf2 27. Kxf2
Be7 28. Bxe7 Kxe7 29. Qxa6 f6 30. Qc4 Kf8 31. a4 Kg7 32. a5 Ra8 33. g4 h5 34.
h3 hxg4 35. hxg4 Rh8 36. a6 Qd4 37. Qxd4 exd4 38. Nf1 Rhb8 39. Ra4 c5 40. b3
Rb6 41. Ra5 Raxa6 42. Rxc5 Rc6 43. Rd5 Rxc2+ 44. Kf3 c5 45. Ng3 Kf8 46. Ne4 Ra1
47. Nxc5 Rf1+ 48. Kg3 Rg1+ 49. Kf3 Rf1+ 50. Kg3 Re1 51. Ne6+ Ke7 52. Rxd4 0-1

[Event "Politiken Cup 2011"]
[Site "Helsingor"]
[Date "2011.08.04"]
[Round "7.59"]
[White "Haug, Johannes"]
[Black "Lindgren, Philip"]
[Result "0-1"]
[WhiteElo "1725"]
[BlackElo "2145"]
[PlyCount "84"]
[EventDate "2011.??.??"]
[WhiteTeam "Nordstrand"]
[BlackTeam "Limhamn"]

1. e4 c6 2. c4 d5 3. exd5 cxd5 4. cxd5 Nf6 5. Bb5+ Nbd7 6. Nc3 a6 7. Be2 Nb6 8.
Bf3 Nbxd5 9. Nge2 e6 10. O-O Be7 11. d4 O-O 12. Bg5 h6 13. Bh4 g5 14. Bg3 b5
15. Be5 Bb7 16. Ng3 Nxc3 17. bxc3 Bxf3 18. Qxf3 Qd5 19. Qd3 Nd7 20. f4 Rac8 21.
Rae1 Rfd8 22. Ne4 g4 23. Qe2 f5 24. Ng3 Rxc3 25. Nh5 Nxe5 26. Qxe5 Qxe5 27.
Rxe5 Kf7 28. Rd1 Bc5 29. Re2 Rxd4 30. Rxd4 Bxd4+ 31. Kf1 Rc1+ 32. Re1 Rxe1+ 33.
Kxe1 Bg1 34. Ng3 Bxh2 35. Ne2 e5 36. g3 exf4 37. gxf4 Ke6 38. Kf2 Kd5 39. Kg2
g3 40. Kf3 Kc4 41. a3 a5 42. Nc1 b4 0-1

[Event "Politiken Cup 2011"]
[Site "Helsingor"]
[Date "2011.08.04"]
[Round "7.68"]
[White "Bjorneboe, Kristian"]
[Black "Brastein, Lars"]
[Result "1-0"]
[WhiteElo "1941"]
[BlackElo "2115"]
[PlyCount "62"]
[EventDate "2011.??.??"]
[WhiteTeam "Helsingør"]
[BlackTeam "Sandness"]

1. d4 e6 2. Nf3 f5 3. c4 Nf6 4. Nc3 b6 5. d5 Bb4 6. dxe6 Bxc3+ 7. bxc3 dxe6 8.
Qxd8+ Kxd8 9. c5 Nbd7 10. cxb6 axb6 11. g3 Bb7 12. Bg2 Ke7 13. O-O c5 14. Bb2
Rhe8 15. c4 Ra4 16. Nd2 Bxg2 17. Kxg2 e5 18. a3 Ke6 19. f3 g5 20. Rac1 h5 21.
e4 f4 22. Kf2 Nb8 23. gxf4 gxf4 24. Rg1 Re7 25. Rg6 Nc6 26. Rcg1 Raa7 27. R1g5
Rad7 28. Ke1 Rh7 29. Nb1 Nd4 30. Kf2 Nc6 31. Rf5 Rd2+ 1-0

[Event "Politiken Cup 2011"]
[Site "Helsingor"]
[Date "2011.08.04"]
[Round "7.98"]
[White "Bratholm, Palle"]
[Black "Nielsen, Steen G"]
[Result "1-0"]
[WhiteElo "2111"]
[BlackElo "1870"]
[PlyCount "37"]
[EventDate "2011.??.??"]
[WhiteTeam "Sjælsø"]
[BlackTeam "Odysseus"]

1. e4 c5 2. Nf3 g6 3. d4 cxd4 4. Nxd4 Nc6 5. Nc3 Bg7 6. Be3 Nf6 7. f3 O-O 8.
Bc4 Qb6 9. Qd2 Qxb2 10. Rb1 Qa3 11. Ncb5 Qa5 12. Nxc6 Qxd2+ 13. Kxd2 dxc6 14.
Nc7 Rb8 15. Bxa7 Bh3 16. gxh3 Rbd8+ 17. Ke2 Rd7 18. Ne6 b5 19. Be3 1-0

[Event "Politiken Cup 2011"]
[Site "Helsingor"]
[Date "2011.08.04"]
[Round "7.69"]
[White "Hinrichs, Jan"]
[Black "Ramme, Christoph"]
[Result "1/2-1/2"]
[WhiteElo "1947"]
[BlackElo "2108"]
[PlyCount "65"]
[EventDate "2011.??.??"]
[WhiteTeam "Hamburger Schachklub"]
[BlackTeam "SK Marmstorf"]

1. e4 c5 2. Nf3 Nf6 3. e5 Nd5 4. Nc3 e6 5. Nxd5 exd5 6. d4 Nc6 7. dxc5 Bxc5 8.
Qxd5 Qb6 9. Bc4 Bxf2+ 10. Kd1 O-O 11. Rf1 d6 12. Bd3 Nxe5 13. Nxe5 dxe5 14. Qe4
f5 15. Qxe5 Bc5 16. c3 Qd6 17. Qxd6 Bxd6 18. Bf4 Bxf4 19. Rxf4 g5 20. Bc4+ Kg7
21. Rd4 f4 22. Kc2 Bf5+ 23. Kb3 Rae8 24. Rad1 h5 25. Ka3 Re5 26. Bd5 b6 27.
R1d2 Be6 28. Bc6 Ra5+ 29. Kb4 Rxa2 30. Rd6 Bf5 31. Re2 Ra1 32. Bd5 Bg6 33. Re7+
1/2-1/2

[Event "Politiken Cup 2011"]
[Site "Helsingor"]
[Date "2011.08.04"]
[Round "7.70"]
[White "Gershenov, Ben"]
[Black "Christensen, Casper"]
[Result "1/2-1/2"]
[WhiteElo "2106"]
[BlackElo "1937"]
[PlyCount "131"]
[EventDate "2011.??.??"]
[WhiteTeam "Marshall"]
[BlackTeam "BMS"]

1. d4 Nf6 2. c4 g6 3. h4 d5 4. cxd5 Qxd5 5. Nc3 Qd8 6. e4 e5 7. Bg5 h6 8. Bxf6
Qxf6 9. dxe5 Qxe5 10. Nf3 Qd6 11. Qc2 Bg7 12. Rd1 Qb4 13. e5 Bf5 14. Bd3 Bxd3
15. Rxd3 Nc6 16. O-O O-O 17. Re1 Qc5 18. Rd5 Qe7 19. Rdd1 Nb4 20. Qe4 c6 21. h5
gxh5 22. Nd4 Na6 23. Nf5 Qg5 24. Re3 Nc5 25. Qc2 h4 26. b4 Ne6 27. Ne4 Qh5 28.
g4 Qxg4+ 29. Rg3 Qxd1+ 30. Qxd1 hxg3 31. Qg4 Kh8 32. Qh4 gxf2+ 33. Kxf2 Rae8
34. Nxh6 f6 35. Ng4+ Kg8 36. Ngxf6+ Bxf6 37. Nxf6+ Rxf6+ 38. exf6 Rf8 39. Qh6
Rf7 40. Qg6+ Kf8 41. Ke3 Nc7 42. Qh6+ Kg8 43. Qg5+ Kf8 44. Qc5+ Kg8 45. Qxa7
Nd5+ 46. Kd2 Nxf6 47. Qb8+ Kg7 48. Qe5 Rd7+ 49. Kc2 Kf7 50. a4 Nd5 51. Kb3 Re7
52. Qf5+ Ke8 53. b5 Kd8 54. bxc6 bxc6 55. Qf8+ Kc7 56. Qa8 Re3+ 57. Kb2 Re2+
58. Kc1 Re1+ 59. Kd2 Rb1 60. a5 Rb2+ 61. Kc1 Rb8 62. Qa7+ Rb7 63. Qf2 Nb4 64.
Qg3+ Kc8 65. Qd6 Rb5 66. a6 1/2-1/2

[Event "Politiken Cup 2011"]
[Site "Helsingor"]
[Date "2011.08.04"]
[Round "7.71"]
[White "Hansen, Morten Moller"]
[Black "Rasmussen, Morten"]
[Result "1/2-1/2"]
[WhiteElo "2097"]
[BlackElo "1931"]
[PlyCount "149"]
[EventDate "2011.??.??"]
[WhiteTeam "Damhus"]
[BlackTeam "Skanderborg"]

1. d4 d5 2. c4 c6 3. Nf3 Nf6 4. Nc3 e6 5. Qc2 Bd6 6. e4 dxe4 7. Nxe4 Nxe4 8.
Qxe4 Nd7 9. Bd3 Nf6 10. Qe2 Bb4+ 11. Kf1 h6 12. a3 Ba5 13. b4 Bc7 14. Bb2 b6
15. Rd1 Qe7 16. Ne5 Bb7 17. h4 c5 18. dxc5 bxc5 19. Bc3 Bd6 20. b5 Rd8 21. Rh3
Nd7 22. Nf3 Nf6 23. Ne5 Nd7 24. Nf3 Nf6 25. Nd2 Qc7 26. Nb3 Qe7 27. Bb1 Ba8 28.
a4 Qb7 29. f3 Nh5 30. Be5 Qc7 31. Rxd6 Rxd6 32. g4 Nf6 33. Bxd6 Qxd6 34. Qd2
Qxd2 35. Nxd2 Ke7 36. Ke2 Rd8 37. Nb3 Nd7 38. f4 Nb6 39. a5 Nxc4 40. Rc3 Bd5
41. Bd3 Nd6 42. Nxc5 Rb8 43. Na6 Nxb5 44. Rc5 Nd4+ 45. Ke3 Nb3 46. Rxd5 exd5
47. Nxb8 Nxa5 48. Kd4 Kd6 49. Na6 Nc6+ 50. Kc3 d4+ 51. Kc4 g5 52. hxg5 hxg5 53.
Be4 Nd8 54. fxg5 Ne6 55. Bf5 Nxg5 56. Kxd4 Nf3+ 57. Ke4 Ne5 58. g5 Nc6 59. Bg4
Ke7 60. Kd5 Nd8 61. Bc8 Kf8 62. Kd6 Kg7 63. Bf5 Ne6 64. Bxe6 fxe6 65. Ke5 Kg6
66. Kf4 e5+ 67. Kg4 e4 68. Nc5 e3 69. Nd3 a5 70. Nf4+ Kg7 71. Kf3 a4 72. Kxe3
a3 73. Ne6+ Kg6 74. Nd4 Kxg5 75. Nc2 1/2-1/2

[Event "Politiken Cup 2011"]
[Site "Helsingor"]
[Date "2011.08.04"]
[Round "7.72"]
[White "Zachariassen, John"]
[Black "Hvenekilde, Jorgen"]
[Result "0-1"]
[WhiteElo "1936"]
[BlackElo "2089"]
[PlyCount "88"]
[EventDate "2011.??.??"]
[WhiteTeam "Enkeltmedlem"]
[BlackTeam "AS04"]

1. c4 g6 2. Nf3 Bg7 3. g3 Nf6 4. Bg2 O-O 5. O-O d6 6. Nc3 Nc6 7. Rb1 Bf5 8. d3
Qd7 9. Re1 Bh3 10. Bh1 h6 11. Bd2 Ng4 12. Nd5 e5 13. b4 Rae8 14. b5 Nd8 15. Qc1
Kh7 16. c5 c6 17. bxc6 bxc6 18. Ne3 Nxe3 19. fxe3 d5 20. Rb8 f5 21. Bg2 Bxg2
22. Kxg2 e4 23. Ng1 Be5 24. Rb3 Ne6 25. Nh3 g5 26. Rf1 Rf7 27. Qc2 Ref8 28.
Rbb1 Ng7 29. a4 Kg8 30. a5 Qc8 31. Bc3 Bxc3 32. Qxc3 Ne6 33. dxe4 dxe4 34. Qc4
Nc7 35. Qa2 Nd5 36. Qa3 Qa6 37. Rb2 Rb7 38. Rxb7 Qxb7 39. Nf2 Qb5 40. Re1 Re8
41. g4 f4 42. exf4 gxf4 43. Kg1 Qc4 44. Rc1 Qxe2 0-1

[Event "Politiken Cup 2011"]
[Site "Helsingor"]
[Date "2011.08.04"]
[Round "7.99"]
[White "Johansson, Anders 1973"]
[Black "Holm, Henrik"]
[Result "1-0"]
[WhiteElo "2089"]
[BlackElo "1853"]
[PlyCount "87"]
[EventDate "2011.??.??"]
[WhiteTeam "LASK"]
[BlackTeam "Hillerød"]

1. Nf3 c5 2. c4 Nc6 3. d4 cxd4 4. Nxd4 g6 5. Nc3 Bg7 6. Nc2 Nf6 7. g3 O-O 8.
Bg2 d6 9. O-O Be6 10. b3 Qc8 11. Re1 Rd8 12. e4 Nxe4 13. Nxe4 Bxa1 14. Nxa1 Bh3
15. Bh1 Ne5 16. f3 Be6 17. Nf2 a5 18. Qd4 Qc5 19. Qxc5 Nxf3+ 20. Bxf3 dxc5 21.
Bxb7 Ra7 22. Bc6 a4 23. Rxe6 fxe6 24. Bxa4 Rxa4 25. bxa4 Ra8 26. Nb3 Rxa4 27.
Nxc5 Rxa2 28. Ncd3 Kf7 29. c5 Ke8 30. Bb2 Kd7 31. Kg2 Ra4 32. Kf3 Kc6 33. h4
Kd5 34. Be5 Rc4 35. Ke3 Ra4 36. Nd1 Re4+ 37. Kf3 Rxe5 38. Nc3+ Kd4 39. Nxe5
Kxe5 40. g4 h6 41. g5 hxg5 42. hxg5 Kf5 43. c6 e5 44. c7 1-0

[Event "Politiken Cup 2011"]
[Site "Helsingor"]
[Date "2011.08.04"]
[Round "7.73"]
[White "Tandrup, Michael"]
[Black "Jonsson, Lennart"]
[Result "0-1"]
[WhiteElo "1917"]
[BlackElo "2086"]
[PlyCount "84"]
[EventDate "2011.??.??"]
[WhiteTeam "Herlev"]
[BlackTeam "Malmö Allmanna Schackklubb"]

1. d4 f5 2. e4 d6 3. Nc3 Nf6 4. exf5 Bxf5 5. Nge2 d5 6. Ng3 Bg6 7. h4 h5 8. Bd3
Bf7 9. Bf4 c6 10. Qe2 e6 11. Nf5 g6 12. Ng3 Be7 13. Nd1 Nbd7 14. Nf1 Qb6 15. c3
c5 16. dxc5 Nxc5 17. Bb5+ Ncd7 18. Nd2 a6 19. Ba4 O-O-O 20. Bc2 Bd6 21. Be3 Qc7
22. Nf3 e5 23. Ng5 Nc5 24. Nxf7 Qxf7 25. Bg5 e4 26. Ne3 Be5 27. O-O-O Rd7 28.
b4 Nd3+ 29. Bxd3 exd3 30. Qxd3 Kb8 31. Bxf6 Qxf6 32. Nxd5 Qc6 33. Qe4 Rxd5 34.
Rxd5 Qxc3+ 35. Kd1 Bc7 36. Re1 Qb2 37. Qd4 Qb1+ 38. Kd2 Qxa2+ 39. Kc1 Rc8 40.
Rc5 Rd8 41. Qc3 Bf4+ 42. Re3 Qxf2 0-1

[Event "Politiken Cup 2011"]
[Site "Helsingor"]
[Date "2011.08.04"]
[Round "7.76"]
[White "Nielsen, Borge Hjerrild"]
[Black "Svanholm, Borge Waaktaar"]
[Result "1-0"]
[WhiteElo "2083"]
[BlackElo "1926"]
[PlyCount "91"]
[EventDate "2011.??.??"]
[WhiteTeam "Hvidovre"]
[BlackTeam "SK Stjernen"]

1. d4 Nf6 2. c4 g6 3. Nf3 Bg7 4. g3 d6 5. Bg2 O-O 6. O-O Nc6 7. b3 a6 8. Bb2
Rb8 9. Nbd2 Bf5 10. d5 Na7 11. Nd4 Bd7 12. Qc2 c5 13. dxc6 Nxc6 14. e3 Qc7 15.
Rac1 Rfc8 16. Qb1 Qd8 17. Rfd1 b5 18. cxb5 Nxd4 19. Bxd4 axb5 20. a3 Qa5 21.
Qb2 Ne8 22. Bxg7 Nxg7 23. b4 Qa6 24. Rxc8+ Rxc8 25. Rc1 Ne8 26. Nb3 Nf6 27. Na5
Rxc1+ 28. Qxc1 Qb6 29. Qc2 Kf8 30. Kf1 Ke8 31. h4 h5 32. Ke1 e5 33. Qc3 Kd8 34.
Ke2 Ne8 35. Bd5 Ke7 36. Qb3 Be6 37. Bxe6 fxe6 38. Qc2 Kf7 39. Kd2 Nc7 40. Qc3
Nd5 41. Qc8 Nc7 42. Qd7+ Kf6 43. Nc6 Kf5 44. Qf7+ Ke4 45. Qxg6+ Kd5 46. Ne7+
1-0

[Event "Politiken Cup 2011"]
[Site "Helsingor"]
[Date "2011.08.04"]
[Round "7.77"]
[White "Schmied, Andreas"]
[Black "Nielsen, Jens Holm"]
[Result "1-0"]
[WhiteElo "2081"]
[BlackElo "1920"]
[PlyCount "139"]
[EventDate "2011.??.??"]
[BlackTeam "Amager"]

1. d4 d5 2. c4 c6 3. Nf3 Nf6 4. Nc3 dxc4 5. a4 Be6 6. e4 Na6 7. Ne5 Nb4 8. Be3
Nd7 9. Nxc4 Bxc4 10. Bxc4 e6 11. O-O Be7 12. Qd2 O-O 13. Rfd1 Nf6 14. f3 Qc7
15. Rac1 a6 16. Qf2 Rac8 17. Bf1 Rfe8 18. g3 c5 19. d5 exd5 20. Nxd5 Nfxd5 21.
exd5 b6 22. Rd2 Rcd8 23. Bf4 Bd6 24. Bxd6 Rxd6 25. a5 Rxd5 26. axb6 Rxd2 27.
bxc7 Rxf2 28. Kxf2 Rc8 29. Rxc5 Kf8 30. Ke3 g6 31. Kd4 Ke7 32. Kc3 a5 33. Rxa5
Nc6 34. Rc5 Kd6 35. b4 Ne5 36. f4 Nd7 37. Ba6 Rxc7 38. Rxc7 Kxc7 39. Kd4 Kd6
40. Bc4 f6 41. Bg8 h6 42. Bc4 Nf8 43. b5 Nd7 44. Bd5 Nb6 45. Bf7 g5 46. Ke4 Ke7
47. Bb3 h5 48. fxg5 fxg5 49. Kf5 h4 50. g4 Nd7 51. Kxg5 Nc5 52. Bc4 h3 53. Kh4
Kf6 54. Bd5 Ke5 55. Bc6 Kf6 56. b6 Na6 57. b7 Kg6 58. Bb5 Nb8 59. Kxh3 Kg5 60.
Kg3 Kh6 61. Kf4 Kg6 62. h4 Kf6 63. h5 Kg7 64. g5 Kh7 65. Kf5 Kg7 66. Ke6 Kh8
67. Kf7 Kh7 68. g6+ Kh8 69. Bd3 Nd7 70. g7# 1-0

[Event "Politiken Cup 2011"]
[Site "Helsingor"]
[Date "2011.08.04"]
[Round "7.78"]
[White "Fjellengen, Bard"]
[Black "Zivkovic, Milenko"]
[Result "1-0"]
[WhiteElo "1905"]
[BlackElo "2079"]
[PlyCount "59"]
[EventDate "2011.??.??"]
[WhiteTeam "Sarpsborg Sjakklubb"]
[BlackTeam "Perlen"]

1. d4 Nf6 2. Nf3 d5 3. Bf4 Bf5 4. h3 e6 5. e3 Bd6 6. Bd3 O-O 7. Bxf5 exf5 8.
Ne5 c5 9. O-O c4 10. b3 b5 11. a4 Qa5 12. Qe1 Qxe1 13. Rxe1 Rc8 14. axb5 cxb3
15. cxb3 Bb4 16. Rf1 Be7 17. b6 Nbd7 18. b7 Re8 19. bxa8=Q Rxa8 20. Nc6 Bf8 21.
b4 Nb6 22. Nd2 h6 23. Rfc1 a6 24. Bc7 Nfd7 25. Bxb6 Nxb6 26. b5 a5 27. Rxa5 Rc8
28. Ra6 Nd7 29. b6 Bd6 30. b7 1-0

[Event "Politiken Cup 2011"]
[Site "Helsingor"]
[Date "2011.08.04"]
[Round "7.80"]
[White "Halamus, Agata"]
[Black "Marshall, Michael"]
[Result "1-0"]
[WhiteElo "2076"]
[BlackElo "1918"]
[PlyCount "69"]
[EventDate "2011.??.??"]
[WhiteTeam "AKS Mikolow"]
[BlackTeam "Odysseus"]

1. e4 c6 2. d4 d5 3. Nc3 dxe4 4. Nxe4 Bf5 5. Ng3 Bg6 6. h4 h6 7. h5 Bh7 8. Nf3
Nd7 9. Bd3 Bxd3 10. Qxd3 Ngf6 11. Bd2 Qc7 12. O-O-O O-O-O 13. Ne4 Nxe4 14. Qxe4
e6 15. g3 Bd6 16. Qe2 Rhe8 17. Rhe1 Nf6 18. Ne5 c5 19. Nc4 cxd4 20. Nxd6+ Qxd6
21. Bf4 Qd5 22. Be5 Nd7 23. Bxd4 e5 24. Bb6 Qxa2 25. Bxd8 Rxd8 26. c3 Qa1+ 27.
Kc2 Qa4+ 28. Kb1 Re8 29. Rd5 f6 30. Red1 Nb6 31. Rc5+ Kb8 32. Qd3 Rc8 33. Qd6+
Ka8 34. Rxc8+ Nxc8 35. Qd7 1-0

[Event "Politiken Cup 2011"]
[Site "Helsingor"]
[Date "2011.08.04"]
[Round "7.81"]
[White "Storch, Dominik"]
[Black "Taksrud, Vidar"]
[Result "0-1"]
[WhiteElo "1883"]
[BlackElo "2074"]
[PlyCount "64"]
[EventDate "2011.??.??"]
[WhiteTeam "Sabt Franfurter SV 1860"]
[BlackTeam "Tempo Sjakk"]

1. f4 d5 2. Nf3 Nf6 3. b3 c5 4. Bb2 Nc6 5. e3 e6 6. Bb5 Be7 7. Bxc6+ bxc6 8.
O-O O-O 9. Qe1 Ba6 10. d3 c4 11. Ne5 Rc8 12. Nd2 cxd3 13. cxd3 Nd7 14. Nxd7
Qxd7 15. Qe2 Rfe8 16. Rad1 f6 17. Rf3 Bd6 18. Rh3 e5 19. fxe5 Bxe5 20. Bxe5
Rxe5 21. e4 dxe4 22. Nxe4 Qd4+ 23. Qe3 Qxe3+ 24. Rxe3 f5 25. Nd6 Rxe3 26. Nxc8
Bxc8 27. Kf2 f4 28. g3 Bg4 29. Rd2 Rf3+ 30. Kg2 fxg3 31. hxg3 Rf6 32. Rc2 Bf3+
0-1

[Event "Politiken Cup 2011"]
[Site "Helsingor"]
[Date "2011.08.04"]
[Round "7.115"]
[White "Wahlgren, Christer"]
[Black "Jensen, Morten Frank"]
[Result "0-1"]
[WhiteElo "1745"]
[BlackElo "2064"]
[PlyCount "78"]
[EventDate "2011.??.??"]
[WhiteTeam "Eslov"]
[BlackTeam "Præstø"]

1. f4 g6 2. d4 Bg7 3. Nf3 d5 4. e3 Nh6 5. c4 O-O 6. Nc3 dxc4 7. Bxc4 c5 8. d5
a6 9. a4 Bf5 10. Bd2 Nd7 11. Ng5 Nb6 12. Qb3 Bc2 13. Qxc2 Nxc4 14. e4 Ng4 15.
Nd1 Nxd2 16. Qxd2 b5 17. O-O Qb6 18. h3 c4+ 19. Kh1 h6 20. Nf3 Nf6 21. Re1 b4
22. e5 Nd7 23. Qd4 Rac8 24. Ne3 a5 25. Rec1 Qxd4 26. Nxd4 Nxe5 27. fxe5 Bxe5
28. Nc6 Bxb2 29. Nxe7+ Kg7 30. Nxc8 Rxc8 31. Rab1 c3 32. Nd1 Bxc1 33. Rxc1 Kf6
34. Nxc3 bxc3 35. Kg1 Ke5 36. Kf2 Kxd5 37. Ke2 Kc4 38. Rb1 c2 39. Rc1 Kb3 0-1

[Event "Politiken Cup 2011"]
[Site "Helsingor"]
[Date "2011.08.04"]
[Round "7.79"]
[White "Pedersen, Bent O"]
[Black "Brorsen, Jacob Abildlund"]
[Result "0-1"]
[WhiteElo "1860"]
[BlackElo "2061"]
[PlyCount "42"]
[EventDate "2011.??.??"]
[WhiteTeam "Hvidovre"]
[BlackTeam "BMS"]

1. e4 c5 2. Nf3 d6 3. d4 cxd4 4. Nxd4 Nf6 5. Nc3 a6 6. Bg5 h6 7. Bh4 e6 8. f3
Nbd7 9. Qd2 b5 10. O-O-O Bb7 11. Kb1 Rc8 12. g4 Nxe4 13. Bxd8 Nxd2+ 14. Rxd2
Kxd8 15. Be2 Be7 16. Rhd1 Bg5 17. Rd3 Ne5 18. Nxe6+ fxe6 19. Rxd6+ Ke7 20. Rb6
Rc7 21. Rdd6 Bc8 0-1

[Event "Politiken Cup 2011"]
[Site "Helsingor"]
[Date "2011.08.04"]
[Round "7.83"]
[White "Larsen, Arne Walther"]
[Black "Hauge, Lars Oskar"]
[Result "0-1"]
[WhiteElo "1851"]
[BlackElo "2052"]
[PlyCount "74"]
[EventDate "2011.??.??"]
[WhiteTeam "Hvidovre"]

1. c4 e5 2. g3 Nc6 3. Nc3 f5 4. Bg2 Nf6 5. e4 d6 6. Nge2 Be6 7. d3 Be7 8. Nd5
O-O 9. O-O Nd4 10. b4 Nxe2+ 11. Qxe2 c6 12. Nxe7+ Qxe7 13. Bg5 h6 14. Bxf6 Qxf6
15. f4 exf4 16. gxf4 fxe4 17. Bxe4 Rae8 18. Qg2 Bxc4 19. Bxc6 bxc6 20. dxc4
Qd4+ 21. Kh1 Qxc4 22. Rac1 Qxb4 23. Rxc6 Rxf4 24. Rg1 Rf7 25. Qd5 Qe4+ 26. Qxe4
Rxe4 27. Rxd6 Re2 28. Rxh6 Rxa2 29. Rhg6 a5 30. h4 Kf8 31. R6g2 Ra4 32. h5 Rh4+
33. Rh2 Rxh2+ 34. Kxh2 Rf5 35. Rg6 Rxh5+ 36. Kg3 Rh6 37. Rg5 Ra6 0-1